000 01091nabaa22002177a 4500
999 _c6283
_d6283
003 OSt
005 20260128232354.0
008 190701b xxu||||| |||| 00| 0 spa d
040 _cPJ
100 _934
_aPerrino, Pablo Esteban
245 1 3 _aLa reforma al régimen de losrecursos administrativos producidos en la Ley Nacional de Procedimientos Administrativos y en el Reglamento de Procedimientos Administrativos por la Ley de Bases /
_cPablo E. Perrino.
300 _ap. 129-144
500 _aCita: TR LALEY AR/DOC/3280/2024
505 _aSumario: I. La reforma de la LNPA por la ley 27.742 y del RLNPA por el dec. 695/2024.— II. Examen de las reformas relativas a los recursos administrativos.
505 _t¿Te interesa el texto completo? Comunicate al correo: koha@justierradelfuego.gov.ar
650 0 _9211
_aDERECHO ADMINISTRATIVO
650 0 _91135
_aPROCEDIMIENTO ADMINISTRATIVO
650 0 _9178
_aDERECHO CONSTITUCIONAL
773 0 _02842
_93251
_dBuenos Aires : AbeledoPerrot, 2012-
_oDA121
_tDerecho administrativo. Nº 157 enero/febrero 2025
_z18510590
942 _2udc
_cANA